000 00671nam a2200253 a 4500
001 adlib96000001
003 ViArRB
005 200902210153555.7
008 960221s1955 dcuabcdjdbkoqu001 0deng d
020 _a
022 _a
040 _aAdlib
082 _a519.651
245 _aNonlinear numerical methods and rational approximation
250 _a
260 _aDordrecht
_bRiedal
_c1987
300 _axviii,458p
_c
500 _a
100 _a
_e
700 _a
_a
942 _cBK
653 _aNumerical methods
_arational approximation
952 _w2010-06-16
_p00036429
_r2010-06-16
_40
_00
_bUL
_10
_o519.651 CUY
_d2010-06-16
_70
_yBK
_aUL
999 _c20989
_d20988